=LDR 00000nam 2200000 4500 =001 INLIS000000000032941 =005 20130612134925 =008 ***********************************ind** =035 ##$$0010-061300000032941 =041 ##$$a ind =082 ##$$a 028.55 =090 ##$$a 028.55, Fit a =100 ##$$a Fitrianti, Kiky =245 ##$$a Aku senang bersedekah, I like giving alms, Kiky Fitriyanti; penyunting, Sofia Monsoor =260 ##$$a 2009 $b Bandung =300 ##$$a 21 hlm, ilus, 19 cm =650 ##$$a Bacaan Anak-anak =700 ##$$a Mansoor, Sofia =850 ##$$a NBPNMAT =990 ##$$a 0001/BPAP-NTB/20142015